Les 10 alcools les plus consommés en france - Statistiques

Statistiques générales
  • Ce quiz a été pris 4 419 fois
  • Le résultat moyen est 6 sur 10
Statistiques - réponses
Hint Réponse % Correct
30 litres par habitant / an Bière
97%
40 litres par habitant / an Vin
97%
0.6 litre par habitant / an Vodka
95%
2 litres par habitant / an Whisky
87%
1 litre par habitant / an Rhum
86%
0.4 litre par habitant / an Pastis
62%
0.7 litre par habitant / an Gin
51%
1.5 litre par habitant / an Cidre
39%
1 litre par habitant / an Champagne et vins mousseux
6%
0.3 litre par habitant / an Liqueurs
5%
Aucun quiz correspondant
Distribution des résultats
% des personnes avec chaque résultat
Percentile par nombre de réponses
Votre historique - résultats
Vous n’avez pas pris ce quiz